<?xml version="1.0" encoding="UTF-8"?>
<collection xmlns="http://www.loc.gov/MARC21/slim">
<record>
  <controlfield tag="001">62051</controlfield>
  <controlfield tag="005">20240124152520.0</controlfield>
  <datafield tag="024" ind1="7" ind2=" ">
    <subfield code="2">doi</subfield>
    <subfield code="a">10.18172/cig.3057</subfield>
  </datafield>
  <datafield tag="024" ind1="8" ind2=" ">
    <subfield code="2">sideral</subfield>
    <subfield code="a">96435</subfield>
  </datafield>
  <datafield tag="037" ind1=" " ind2=" ">
    <subfield code="a">ART-2017-96435</subfield>
  </datafield>
  <datafield tag="041" ind1=" " ind2=" ">
    <subfield code="a">eng</subfield>
  </datafield>
  <datafield tag="100" ind1=" " ind2=" ">
    <subfield code="a">Serrano Notivoli, Roberto</subfield>
    <subfield code="u">Universidad de Zaragoza</subfield>
    <subfield code="0">(orcid)0000-0001-7663-1202</subfield>
  </datafield>
  <datafield tag="245" ind1=" " ind2=" ">
    <subfield code="a">Floodplain occupation and flooding in the Central Pyrenees</subfield>
  </datafield>
  <datafield tag="260" ind1=" " ind2=" ">
    <subfield code="c">2017</subfield>
  </datafield>
  <datafield tag="506" ind1="0" ind2=" ">
    <subfield code="a">Access copy available to the general public</subfield>
    <subfield code="f">Unrestricted</subfield>
  </datafield>
  <datafield tag="520" ind1="3" ind2=" ">
    <subfield code="a">Floods modify the natural dynamics of river environments and greatly affect urban areas, especially in mountain regions where flooding is frequent because of the precipitation characteristics and orographic configuration. In this study the vulnerability of the central sector of the Pyrenees to flood events was investigated using frequency analysis of daily flow and precipitation data for the period from 1940 to 2012 for the headwaters of the Aragón and Ésera rivers. The land use evolution over the past 60 years was also analyzed. The return periods showed that floods have not been exceptional, and the high flow frequency has been large and closely related to precipitation events. This, combined with a large increase in human occupation, particularly since the 1990s, of fluvial areas associated with the land use evolution since 1956, has increased exposure to flood risks.

Los ri´os modi can la dina´mica natural del ambiente  uvial y afectan enormemente a las a´reas urbanas, especialmente en a´reas de montan~a donde las precipitaciones son frecuentes debido a las caracteri´sticas de la precipitacio´n y a la con guracio´n orogra´ ca. En este arti´culo se analiza la vulnerabilidad del sector central de los Pirineos a estos eventos, a trave´s de un ana´lisis de frecuencia de los datos de caudal y precipitacio´n diarios desde 1940 hasta 2012 en las cabeceras de los ri´os Arago´n y E´sera. Se analiza tambie´n la evolucio´n de los usos del suelo en los u´ltimos 60 an~os. Los periodos de retorno muestran que las inundaciones no son excepcionales y que la frecuencia de caudales elevados es alta y estrechamente relacionada con los eventos de precipitacio´n. Este hecho, combinado con un excepcional crecimiento de la ocupacio´n humana de las a´reas  uviales (especialmente desde la de´cada de 1990) producida por la evolucio´n de los usos del suelo desde 1956, ha aumentado el riesgo actual de exposicio´n.</subfield>
  </datafield>
  <datafield tag="536" ind1=" " ind2=" ">
    <subfield code="9">info:eu-repo/grantAgreement/ES/DGA/Clima</subfield>
    <subfield code="9">info:eu-repo/grantAgreement/ES/MINECO/CGL2014-52135-C3-3-R</subfield>
    <subfield code="9">info:eu-repo/grantAgreement/ES/MINECO/CGL2015-69985-R</subfield>
  </datafield>
  <datafield tag="540" ind1=" " ind2=" ">
    <subfield code="9">info:eu-repo/semantics/openAccess</subfield>
    <subfield code="a">by-nc-nd</subfield>
    <subfield code="u">http://creativecommons.org/licenses/by-nc-nd/3.0/es/</subfield>
  </datafield>
  <datafield tag="592" ind1=" " ind2=" ">
    <subfield code="a">0.865</subfield>
    <subfield code="b">2017</subfield>
  </datafield>
  <datafield tag="593" ind1=" " ind2=" ">
    <subfield code="a">Environmental Science (miscellaneous)</subfield>
    <subfield code="c">2017</subfield>
    <subfield code="d">Q1</subfield>
  </datafield>
  <datafield tag="593" ind1=" " ind2=" ">
    <subfield code="a">Geography, Planning and Development</subfield>
    <subfield code="c">2017</subfield>
    <subfield code="d">Q1</subfield>
  </datafield>
  <datafield tag="593" ind1=" " ind2=" ">
    <subfield code="a">Earth and Planetary Sciences (miscellaneous)</subfield>
    <subfield code="c">2017</subfield>
    <subfield code="d">Q1</subfield>
  </datafield>
  <datafield tag="655" ind1=" " ind2="4">
    <subfield code="a">info:eu-repo/semantics/article</subfield>
    <subfield code="v">info:eu-repo/semantics/publishedVersion</subfield>
  </datafield>
  <datafield tag="700" ind1=" " ind2=" ">
    <subfield code="a">Mora Mur, Daniel</subfield>
  </datafield>
  <datafield tag="700" ind1=" " ind2=" ">
    <subfield code="a">Ollero Ojeda, Alfredo</subfield>
    <subfield code="u">Universidad de Zaragoza</subfield>
    <subfield code="0">(orcid)0000-0002-9745-5866</subfield>
  </datafield>
  <datafield tag="700" ind1=" " ind2=" ">
    <subfield code="a">Sánchez Fabre, Miguel</subfield>
    <subfield code="u">Universidad de Zaragoza</subfield>
    <subfield code="0">(orcid)0000-0002-9513-1075</subfield>
  </datafield>
  <datafield tag="700" ind1=" " ind2=" ">
    <subfield code="a">Sanz Moreno, Paloma</subfield>
  </datafield>
  <datafield tag="700" ind1=" " ind2=" ">
    <subfield code="a">Saz Sánchez, Miguel Ángel</subfield>
    <subfield code="u">Universidad de Zaragoza</subfield>
    <subfield code="0">(orcid)0000-0001-8979-0253</subfield>
  </datafield>
  <datafield tag="710" ind1="2" ind2=" ">
    <subfield code="1">3006</subfield>
    <subfield code="2">430</subfield>
    <subfield code="a">Universidad de Zaragoza</subfield>
    <subfield code="b">Dpto. Geograf. Ordenac.Territ.</subfield>
    <subfield code="c">Área Geografía Física</subfield>
  </datafield>
  <datafield tag="710" ind1="2" ind2=" ">
    <subfield code="1">3006</subfield>
    <subfield code="2">010</subfield>
    <subfield code="a">Universidad de Zaragoza</subfield>
    <subfield code="b">Dpto. Geograf. Ordenac.Territ.</subfield>
    <subfield code="c">Área Análisis Geográfico Regi.</subfield>
  </datafield>
  <datafield tag="773" ind1=" " ind2=" ">
    <subfield code="g">43, 1 (2017), 309-328</subfield>
    <subfield code="p">Cuad. investig. geogr.</subfield>
    <subfield code="t">Geographical Research Letters</subfield>
    <subfield code="x">0211-6820</subfield>
  </datafield>
  <datafield tag="856" ind1="4" ind2=" ">
    <subfield code="s">3683891</subfield>
    <subfield code="u">http://zaguan.unizar.es/record/62051/files/texto_completo.pdf</subfield>
    <subfield code="y">Versión publicada</subfield>
  </datafield>
  <datafield tag="856" ind1="4" ind2=" ">
    <subfield code="s">66767</subfield>
    <subfield code="u">http://zaguan.unizar.es/record/62051/files/texto_completo.jpg?subformat=icon</subfield>
    <subfield code="x">icon</subfield>
    <subfield code="y">Versión publicada</subfield>
  </datafield>
  <datafield tag="909" ind1="C" ind2="O">
    <subfield code="o">oai:zaguan.unizar.es:62051</subfield>
    <subfield code="p">articulos</subfield>
    <subfield code="p">driver</subfield>
  </datafield>
  <datafield tag="951" ind1=" " ind2=" ">
    <subfield code="a">2024-01-24-15:16:31</subfield>
  </datafield>
  <datafield tag="980" ind1=" " ind2=" ">
    <subfield code="a">ARTICLE</subfield>
  </datafield>
</record>
</collection>